000 00717nam a2200277Ia 4500
005 20260324112304.0
008 008 260324s9999 xx 000 0 eng d
020 _a9781003347460
037 _aEBOOK
040 _aCRL
040 _beng
040 _cCRL
041 _2eng
041 _aeng
084 _qCRL
100 _aKaren E. McAulay
_91142072
245 2 _aA Social History of Amateur Music-Making and Scottish National Identity: Scotland’s Printed Music, 1880–1951
260 _bTaylor and Francis
260 _c2024
365 _a
365 _b220
856 _uhttp://www.taylorfrancis.com/books/9781003347460
942 _cEBOOK
999 _c1731222
_d1731222